Obras completas / (Record no. 37620)

MARC details
000 -LEADER
campo de control de longitud fija 01700nam a2200193 i 4500
001 - NÚMERO DE CONTROL
campo de control 37620
003 - IDENTIFICADOR DE NÚMERO DE CONTROL
campo de control ES-MaACL
005 - FECHA Y HORA DE LA ÚLTIMA TRANSACCIÓN
campo de control 20250916182946.0
007 - CAMPO FIJO DE DESCRIPCIÓN FÍSICA--INFORMACIÓN GENERAL
campo de control de longitud fija t|
008 - DATOS DE LONGITUD FIJA--INFORMACIÓN GENERAL
campo de control de longitud fija 030221m18931909sp ||||1| spa d
100 1# - ENTRADA PRINCIPAL--NOMBRE DE PERSONA
Nombre de persona Caballero, Fernán.
9 (RLIN) 33079
245 10 - MENCIÓN DEL TÍTULO
Título Obras completas /
Mención de responsabilidad, etc. Fernan Caballero.
260 ## - PUBLICACIÓN, DISTRIBUCIÓN, ETC.
Lugar de publicación, distribución, etc. Madrid :
Nombre del editor, distribuidor, etc. Est. Tip. Suc. Rivadeneyra,
Fecha de publicación, distribución, etc. 1893-1909 (
Fabricante Tip. de la Revista de Archivos)
300 ## - DESCRIPCIÓN FÍSICA
Extensión 11 v., 1 lám. :
Otras características físicas 1 retr. aut. ;
Dimensiones 17 cm.
505 8# - NOTA DE CONTENIDO CON FORMATO
Nota de contenido con formato Contiene: V. I: Fernán Caballero y la novela contemporánea / por José María Asensio. La familia de Alvareda. -- V. II: La gaviota. -- V. III: Clemencia. -- V. IV: Lágrimas. -- V. V: Con mal o con bien a los tuyos te ten. El último consuelo. -- V. VI: Una en otra. Un verano en Bornos. Lady Virginia. -- V. VII: La estrella de Vandalia. ¡Pobre Dolores!. Un servilón y un liberalito o Tres almas de Dios. -- V. VIII: Simón verde. La farisea. Vulgaridad y nobleza. Deudas pagadas. La maldición. Leonor. Los dos memoriales. -- V. IX: Estar de más. Magdalena. La corruptora y la buena maestra. Las dos gracias o la expiación. Callar en vida y perdonar en muerte. No transige la conciencia. -- V. X: La flor de las ruinas. Los dos amigos. La hija del sol. Justa y Rufina. Más largo en el tiempo que la fortuna. Cosa cumplida... sólo en la otra vida : (diálogos entre la juventud y la edad madura. -- V. XI: Más honor que honores. Lucas García. Obrar bien... : que Dios es Dios. El dolor es una agonía sin muerte. Sola. Dicha y suerte. La noche de Navidad. El día de Reyes. El ex-voto. Un vestido
700 1# - ENTRADA AGREGADA--NOMBRE PERSONAL
Nombre de persona Asensio, José María,
Fechas asociadas al nombre 1829-1905
9 (RLIN) 23582
852 ## - LOCALIZACIÓN
Ubicación ES-MaACL
Número de control de estantería F-12433-43
Holdings
Estatus retirado Estado de pérdida Estado de daño No para préstamo Colección Biblioteca de origen Biblioteca actual Ubicación en estantería Fecha de adquisición Fuente de adquisición Total de préstamos Signatura topográfica completa Código de barras Visto por última vez Precio de reemplazo Tipo de ítem Koha
        Libros del s. XIX Biblioteca del Ateneo de Madrid Biblioteca del Ateneo de Madrid Sala Pecera Planta 2 17/01/2008     F-12433-43 1039602 23/02/2023 23/02/2023 Libro impreso antiguo